000 00696cam a22002058a 4500
020 _a9780896292055 (pbk. : alk. paper)
040 _cDNAL
082 0 0 _a334 INT 2013 C146 Or.
245 0 0 _aEast African agriculture and climate change :
_ba comprehensive analysis /
260 _aWashington, DC :
_bInternational Food Policy Research Institute,
_cc 2013.
300 _axxx, 402 p. :
_bcol. ill., col. maps ;
_c23 cm.
490 1 _aClimate change in Africa
650 0 _aAgriculture
650 0 _aClimatic changes
650 0 _aLand degradation
650 0 _aForests and forestry
700 1 _aWaithaka, Michael.
710 2 _aInternational Food Policy Research Institute.
942 _cAEDBB
999 _c18474
_d18474